The Parthenon - Statistics

General Stats
  • This quiz has been taken 25 times
  • The average score is 9 of 21
Answer Stats
Hint Answer % Correct
Goddess it was dedicated to Athena
100%
Architectural styles Doric
69%
Materials this statue was made out of Gold
69%
Material used Marble
69%
Ionic
63%
Leader of Athens that it was commissioned by Pericles
63%
Sanctuary it was built atop Acropolis
50%
Ivory
44%
Year that building finished 432 BCE
38%
Year that building started 447 BCE
38%
The lead architect Phidias
38%
God sculpted next to Athena on the western pediment Poseidon
38%
Naval alliance that it was treasury of Delian League
31%
British Lord who **borrowed** parts of the temple in 1801 Elgin
31%
Age of Athens the Parthenon was built during Golden Age
31%
Scene on the eastern pediment Birth of Athena
25%
Mythical creatures shown fighting the Lapiths on the metopes of the Parthenon Centaurs
25%
Athenian festival shown on the continuous frieze Panathenaia
25%
Goddess held by Athena in the Parthenon's statue Nike
19%
The above is a possible metaphor for who? (tip: it's an enemy of the Greeks) The Persians
19%
Greek name for a treasury Opisthodomos
13%
No matching quizzes found
Score Distribution
Percent of People with Each Score
Percentile by Number Answered
Your Score History
You have not taken this quiz